| 000 | 00772nam a2200241Ia 4500 | ||
|---|---|---|---|
| 003 | OSt | ||
| 005 | 20220925225928.0 | ||
| 006 | a|||||r|||| 00| 0 | ||
| 007 | ta | ||
| 008 | 220923b |||||||| |||| 00| 0 eng d | ||
| 020 |
_a0849320976 _c4823.63 |
||
| 037 |
_b3566, 18/03/2005, Efficient _cGeneral Book |
||
| 040 |
_aRTL _cRTL _beng |
||
| 041 |
_2eng _aeng |
||
| 082 | _aU6715:(D6,9(B), P5 | ||
| 100 |
_aShamsi U M _9293018 |
||
| 245 | 0 | _aGIS applications for water, wasterwater, and stromwater systems | |
| 260 |
_aLondon _bTaylor and Fancus UK _c2000 |
||
| 300 |
_a411p. Bib p. 373-388,Appendix _ccm. |
||
| 650 | _aGeoparphy | ||
| 942 |
_hU6715:(D6,9(B), P5 _cGB _2CC |
||
| 999 |
_c584406 _d584406 |
||